Návrh na vytvoření bankovní unie v EU a problémy její realizovatelnosti

Spoločný európsky bankový dohľad. Spoločné pravidlá fungovania bánk. Spoločný európsky systém poistenia vkladov. Kľúčový problém morálneho hazardu.

Salvato in:
Dettagli Bibliografici
Autore principale: Mráček, Karel
Natura: Capitolo di libro
Lingua:ceco
Soggetti:
Tags: Aggiungi Tag
Nessun Tag, puoi essere il primo ad aggiungerne!!

MARC

LEADER 00000naa a2200000 4500
001 0166208
005 20220713131202.3
041 0 |a cze 
044 |a CZ 
245 1 0 |a Návrh na vytvoření bankovní unie v EU a problémy její realizovatelnosti  |c Karel Mráček 
520 |a Spoločný európsky bankový dohľad. Spoločné pravidlá fungovania bánk. Spoločný európsky systém poistenia vkladov. Kľúčový problém morálneho hazardu. 
610 2 0 |a Európska menová únia 
610 2 0 |a kríza hospodárska 
610 2 0 |a dohľad bankový 
610 2 0 |a politika menová 
610 2 0 |a regulácia finančná 
610 2 0 |a bankovníctvo 
100 1 |a Mráček, Karel